000 00410nam a22001577a 4500
003 NUST - PNEC
005 20170116181104.0
008 151003b xxu||||| |||| 00| 0 eng d
040 _cLIBRARY
082 _a796.358 OAK
100 _912578
_a Oakman, Alan S. M
245 _aGames for cricket training
_c Oakman, Alan S. M
260 _cc.1980
650 _912576
_aCricket
_xgeneral books
942 _2ddc
_cBK
999 _c68891
_d68891